[Event "Mezinarodni sachovy festival PLZEN 2023 – CALLIDITAS OPEN"]
[Site "Plzen (Ceska republika)"]
[Date "2023.08.25"]
[Round "8.2"]
[White "Wawra, Juergen"]
[Black "Vilimek, Vit"]
[Result "0-1"]
[WhiteElo "1970"]
[BlackElo "2067"]
[PlyCount "90"]
[EventDate "2023.08.19"]

{[%evp 0,90,12,30,37,11,35,-8,-15,-12,2,5,4,12,8,-2,-6,-16,-5,-7,9,-10,-7,-64,-31,-51,-48,-27,-21,-45,-13,-17,-39,-46,-11,-48,-35,-49,-53,-53,-74,-104,-72,-87,-66,-66,-66,-82,-98,-240,-196,-205,-135,-212,-217,-217,-232,-269,-96,-93,-79,-79,-64,-130,-118,-252,-214,-415,-413,-420,-129,-625,-133,-221,-221,-463,-503,-29983,0,5,85,85,85,85,135,137,133,155,156,112,85,-29989,-29990]} 1. Nf3 Nf6 2. c4 g6 3. b3 Bg7 4. Bb2 d6 5. e3 O-O 6. Be2 b6 7. d3 Bb7 8. Nbd2 e5 9. O-O Nfd7 10. Qc2 f5 11. Rfd1 g5 12. Ne1 g4 13. d4 Qg5 14. Nf1 Nc6 15. d5 Ne7 16. Nd3 Ng6 17. g3 h5 18. Rab1 h4 19. Ne1 hxg3 20. fxg3 Nf6 21. Bd3 Nh5 22. Ng2 c6 23. e4 f4 24. Bc3 f3 25. Nge3 f2+ 26. Kh1 Nxg3+ 27. Nxg3 Qxe3 28. Be2 Qg5 29. dxc6 Bxc6 30. Rxd6 Rac8 31. Rbd1 Nf4 32. Bf1 Nh5 33. Nxh5 Qxh5 34. Bg2 Rf4 35. Qd3 Qh4 36. Rxc6 Rxc6 37. Qd5+ Kh7 38. Qxc6 Rf3 39. Bxe5 f1=Q+ 40. Bxf1 Bxe5 41. Qd7+ Bg7 42. Bg2 Rf2 43. e5 g3 44. h3 Qf4 45. e6 Rxg2 0-1

[Event "Mezinarodni sachovy festival PLZEN 2023 – CALLIDITAS OPEN"]
[Site "Plzen (Ceska republika)"]
[Date "2023.08.25"]
[Round "8.3"]
[White "Seterle, Matej"]
[Black "Klement, Lukas"]
[Result "0-1"]
[WhiteElo "1890"]
[BlackElo "2304"]
[PlyCount "66"]
[EventDate "2023.08.19"]

{[%evp 0,66,22,-16,-13,-16,-9,-32,-22,-49,-54,-55,-55,-63,-58,-43,-39,-49,-40,-36,-27,-27,-48,-34,-21,-52,-39,-56,-28,-49,-58,-53,-51,-49,-44,-40,-40,-42,-38,-29,-16,-67,-47,-48,-27,-36,-42,-37,-56,-76,-200,-258,-208,-206,-227,-236,-236,-345,-348,-611,-604,-834,-847,-847,-918,-29985,-29986,-29987,-29988]} 1. d3 e5 2. Nf3 Nc6 3. c3 d5 4. Qa4 Bd6 5. e4 Nf6 6. Nbd2 O-O 7. Be2 h6 8. Qc2 Be6 9. b4 a5 10. b5 Ne7 11. c4 dxc4 12. dxc4 Nd7 13. Bb2 b6 14. O-O Ng6 15. g3 Nc5 16. Nb3 Bh3 17. Rfd1 Qe7 18. Nxc5 Bxc5 19. Rd5 f6 20. Bf1 Bg4 21. Be2 Be6 22. Rd2 f5 23. Nxe5 Nxe5 24. Bxe5 fxe4 25. Qxe4 Bxf2+ 26. Kg2 Bf5 27. Qd5+ Kh8 28. Bf3 Rad8 29. Qc6 Qxe5 30. Rad1 Rxd2 31. Rxd2 Bc5 32. Rd5 Qb2+ 33. Kh1 Be4 0-1

[Event "Mezinarodni sachovy festival PLZEN 2023 – CALLIDITAS OPEN"]
[Site "Plzen (Ceska republika)"]
[Date "2023.08.25"]
[Round "8.4"]
[White "Hlavac, Rudolf"]
[Black "Hurtak, Otto"]
[Result "0-1"]
[WhiteElo "1856"]
[BlackElo "1949"]
[PlyCount "110"]
[EventDate "2023.08.19"]

{[%evp 0,110,22,0,58,51,51,22,17,22,31,31,57,49,51,43,35,30,-1,39,17,14,8,25,9,19,20,21,25,7,36,22,30,-4,15,9,21,23,11,28,50,47,27,14,9,10,12,0,6,0,0,-5,26,46,32,25,46,39,49,30,60,39,46,46,38,40,52,40,37,37,0,-184,-184,-176,-174,-181,-168,-192,-138,-159,-196,-210,-205,-205,-213,-277,-277,-258,-277,-270,-274,-275,-283,-309,-309,-277,-291,-326,-282,-280,-278,-344,-352,-392,-379,-379,-414,-617,-673,-706,-1093,-1677,-1680]} 1. e4 c5 2. Nf3 Nc6 3. d4 cxd4 4. Nxd4 Nf6 5. Nc3 g6 6. Be3 Bg7 7. Be2 O-O 8. O-O d5 9. exd5 Nxd5 10. Nxd5 Qxd5 11. Bf3 Qc4 12. Nxc6 bxc6 13. c3 Be6 14. Qc2 Rfd8 15. Rfd1 Qa6 16. Bc5 Bf6 17. b3 Qb7 18. Rd2 Bf5 19. Qb2 Bg5 20. Rxd8+ Rxd8 21. Rd1 Rxd1+ 22. Bxd1 Qd7 23. Bf3 Be4 24. Qe2 Bxf3 25. Qxf3 Bf6 26. g3 a6 27. c4 h5 28. h4 Kg7 29. Kg2 e5 30. Bf8+ Kxf8 31. Qxf6 e4 32. Qe5 Qd3 33. Qc5+ Kg7 34. Qxc6 e3 35. Qf3 e2 36. Qxd3 e1=N+ 37. Kf1 Nxd3 38. a3 Kf6 39. b4 Ke5 40. Ke2 Kd4 41. c5 Ne5 42. a4 Kc4 43. Ke3 Nd3 44. b5 axb5 45. axb5 Nxc5 46. b6 Kd5 47. Kf4 f6 48. g4 Ke6 49. f3 Ke7 50. Kg3 f5 51. Kf4 Kf6 52. Ke3 Ke5 53. f4+ Kd5 54. g5 Kc4 55. Ke2 Kd4 0-1

[Event "Mezinarodni sachovy festival PLZEN 2023 – CALLIDITAS OPEN"]
[Site "Plzen (Ceska republika)"]
[Date "2023.08.25"]
[Round "8.5"]
[White "Kubat, Miroslav"]
[Black "Roubal, Matyas"]
[Result "1/2-1/2"]
[WhiteElo "1922"]
[BlackElo "1856"]
[PlyCount "118"]
[EventDate "2023.08.19"]

{[%evp 0,118,37,-33,-18,-16,2,-6,-3,-5,-12,6,9,13,17,35,29,7,18,26,50,50,61,67,105,8,7,-11,-11,-14,-13,-12,-4,-14,-2,-15,12,17,17,10,7,11,18,23,24,16,30,29,30,30,68,69,69,64,69,64,69,75,88,73,102,102,96,63,75,73,121,134,134,134,140,134,140,143,150,124,124,112,120,99,131,124,134,134,134,131,155,168,195,173,126,130,130,156,159,136,89,109,109,131,127,127,127,-36,226,292,340,0,0,0,0,0,0,0,0,0,0,0,0,0,0]} 1. f4 d5 2. Nf3 c6 3. e3 g6 4. d4 Bg7 5. Bd3 Nf6 6. O-O Ne4 7. c4 O-O 8. Qc2 Bf5 9. Nc3 Nxc3 10. Bxf5 gxf5 11. bxc3 e6 12. c5 Nd7 13. Rb1 b5 14. Bd2 Nf6 15. Be1 Ne4 16. Bh4 Qc7 17. h3 Kh8 18. Nd2 Nxd2 19. Qxd2 f6 20. a4 a6 21. Ra1 Ra7 22. Ra3 Rfa8 23. Rfa1 Qd7 24. Qa2 Qc8 25. axb5 cxb5 26. Ra5 Qc6 27. Kf2 Qd7 28. g4 fxg4 29. hxg4 f5 30. Qe2 Qe8 31. Bg5 Qg6 32. Rg1 Bf6 33. Bxf6+ Qxf6 34. g5 Qg6 35. Rh1 Rg8 36. Rh6 Qe8 37. Qa2 Qc6 38. Kf3 Rg6 39. Rh1 Rg8 40. Ra1 Rga8 41. Qh2 Rg7 42. Rh1 Qe8 43. Qh6 Qf7 44. Rha1 Rg6 45. Qh2 Qb7 46. Qa2 e5 47. fxe5 Rxg5 48. Rxa6 Rag8 49. Qh2 Qg7 50. Qh4 f4 51. Rf1 h5 52. exf4 Rf5 53. Qh3 Qh7 54. Ke3 Rxe5+ 55. fxe5 Qe4+ 56. Kd2 Rg2+ 57. Qxg2 Qxg2+ 58. Ke1 Qe4+ 59. Kf2 Qf4+ 1/2-1/2

[Event "Mezinarodni sachovy festival PLZEN 2023 – CALLIDITAS OPEN"]
[Site "Plzen (Ceska republika)"]
[Date "2023.08.25"]
[Round "8.6"]
[White "Velickov, Dominik"]
[Black "Olbrich, Joachim"]
[Result "1/2-1/2"]
[WhiteElo "1376"]
[BlackElo "2107"]
[PlyCount "44"]
[EventDate "2023.08.19"]

1. e4 c5 2. Nf3 Nc6 3. d4 cxd4 4. Nxd4 Nf6 5. Nc3 e6 6. Ndb5 d6 7. Bf4 e5 8. Bg5 a6 9. Na3 Be7 10. Bxf6 gxf6 11. Nc4 f5 12. exf5 Bxf5 13. Ne3 Be6 14. Ncd5 Rc8 15. c3 Bg5 16. Bc4 Na5 17. Bb3 Bxe3 18. fxe3 Qg5 19. O-O Nxb3 20. axb3 O-O 21. Nf6+ Kh8 22. e4 Rc6 1/2-1/2

[Event "Mezinarodni sachovy festival PLZEN 2023 – CALLIDITAS OPEN"]
[Site "Plzen (Ceska republika)"]
[Date "2023.08.25"]
[Round "8.7"]
[White "Mutinsky, Jakub"]
[Black "Mametev, Artem"]
[Result "0-1"]
[WhiteElo "1658"]
[BlackElo "2035"]
[PlyCount "46"]
[EventDate "2023.08.19"]

1. d4 Nf6 2. Nf3 d5 3. Bg5 Ne4 4. Bf4 c5 5. e3 Qb6 6. Qc1 Nc6 7. c3 f6 8. Nbd2 g5 9. Bg3 h5 10. h3 Nxg3 11. fxg3 Qc7 12. Kf2 h4 13. g4 Qg3+ 14. Ke2 e5 15. dxc5 Bxc5 16. Qc2 e4 17. Nd4 Ne5 18. b4 Bxd4 19. cxd4 Nxg4 20. hxg4 Bxg4+ 21. Nf3 exf3+ 22. Kd2 Qf2+ 23. Kc1 Rc8 0-1

[Event "Mezinarodni sachovy festival PLZEN 2023 – CALLIDITAS OPEN"]
[Site "Plzen (Ceska republika)"]
[Date "2023.08.25"]
[Round "8.8"]
[White "Krivka, Matej"]
[Black "Vlk, Miloslav"]
[Result "1-0"]
[WhiteElo "1572"]
[BlackElo "1963"]
[PlyCount "67"]
[EventDate "2023.08.19"]

1. e4 e5 2. Nf3 Nf6 3. Nxe5 d6 4. Nf3 Nxe4 5. d4 d5 6. Bd3 Nc6 7. c3 f5 8. Bf4 Bd6 9. Bxd6 Qxd6 10. O-O O-O 11. Qb3 Kh8 12. Na3 a6 13. Nc2 Na5 14. Qb4 Qxb4 15. Nxb4 Be6 16. Ne5 b5 17. f3 Nd6 18. Rfe1 Rf6 19. b3 Nab7 20. Nbc6 Nd8 21. Ne7 N8f7 22. N7c6 Nd8 23. Ne7 N6f7 24. N7c6 Nxc6 25. Nxc6 Re8 26. a4 bxa4 27. bxa4 Bd7 28. Rxe8+ Bxe8 29. Nb4 g6 30. Nxa6 Rc6 31. Nc5 Nd6 32. a5 Nc8 33. Rb1 Rd6 34. Rb8 1-0

[Event "Mezinarodni sachovy festival PLZEN 2023 – CALLIDITAS OPEN"]
[Site "Plzen (Ceska republika)"]
[Date "2023.08.25"]
[Round "8.9"]
[White "Hladun, Bartlomiej"]
[Black "Ondrejat, Miroslav"]
[Result "1/2-1/2"]
[WhiteElo "1632"]
[BlackElo "1861"]
[PlyCount "144"]
[EventDate "2023.08.19"]

1. Nf3 c5 2. c4 Nc6 3. g3 g6 4. Bg2 Bg7 5. Nc3 e5 6. O-O Nge7 7. d3 O-O 8. a3 Rb8 9. Rb1 d5 10. cxd5 Nxd5 11. Nxd5 Qxd5 12. Be3 Qd6 13. Nd2 b6 14. f4 Nd4 15. Nc4 Qe7 16. Rf2 Bg4 17. Nxe5 Bxe5 18. fxe5 Qxe5 19. Bf4 Nxe2+ 20. Kf1 Nxg3+ 21. hxg3 Qxf4 22. Rxf4 Bxd1 23. Rxd1 Rbd8 24. d4 g5 25. Rf5 f6 26. d5 Rd6 27. Kf2 Re8 28. Re1 Rxe1 29. Kxe1 Kf7 30. Be4 h5 31. Kf2 Rd8 32. Rf3 Ke7 33. Ke3 Rh8 34. Bf5 h4 35. gxh4 Rxh4 36. Rh3 Rf4 37. Be6 Kd6 38. Rh7 Ke5 39. Rxa7 g4 40. Rb7 Re4+ 41. Kf2 Kf4 42. Rxb6 g3+ 43. Kf1 Rd4 44. Bh3 f5 45. Bg2 Rd1+ 46. Ke2 Rg1 47. Bh3 Rh1 48. Bg2 Rg1 49. Bh3 Rh1 50. Bf1 Rh2+ 51. Ke1 g2 52. Bxg2 Rxg2 53. d6 Rg7 54. Rc6 Rd7 55. Ke2 Ke4 56. Rxc5 Rxd6 57. Rc4+ Ke5 58. a4 Rh6 59. Kd3 Rh3+ 60. Kc2 f4 61. a5 Rh2+ 62. Kc3 f3 63. Rc8 Rh1 64. Rf8 Ke4 65. b4 Ra1 66. Kc4 Ke3 67. Kb5 f2 68. a6 f1=Q+ 69. Rxf1 Rxf1 70. a7 Ra1 71. Kb6 Kd4 72. Kb7 Kc4 1/2-1/2

[Event "Mezinarodni sachovy festival PLZEN 2023 – CALLIDITAS OPEN"]
[Site "Plzen (Ceska republika)"]
[Date "2023.08.25"]
[Round "8.10"]
[White "Hodl, Vojtech"]
[Black "Honcharov, Makar"]
[Result "0-1"]
[WhiteElo "1352"]
[BlackElo "1842"]
[PlyCount "58"]
[EventDate "2023.08.19"]

1. e4 c5 2. b3 Nc6 3. Bb2 d6 4. Bb5 e5 5. Ne2 Nf6 6. Nbc3 Bd7 7. O-O a6 8. Bxc6 Bxc6 9. d3 Be7 10. Ng3 d5 11. f4 exf4 12. Rxf4 d4 13. Nb1 g6 14. Qf3 h5 15. h4 Ng4 16. Nd2 Ne5 17. Qf2 Bxh4 18. Nc4 Nxc4 19. dxc4 Bg5 20. Rf3 h4 21. Nf1 O-O 22. Re1 f5 23. Nd2 Bxd2 24. Qxd2 fxe4 25. Rh3 e3 26. Qd3 Qg5 27. Re2 Rf2 28. Rxf2 exf2+ 29. Kf1 Qxg2+ 0-1

[Event "Mezinarodni sachovy festival PLZEN 2023 – CALLIDITAS OPEN"]
[Site "Plzen (Ceska republika)"]
[Date "2023.08.25"]
[Round "8.11"]
[White "Koper, Stefan"]
[Black "Jezek, Jakub"]
[Result "1-0"]
[WhiteElo "1720"]
[BlackElo "1583"]
[PlyCount "77"]
[EventDate "2023.08.19"]

1. d4 Nf6 2. Nf3 e6 3. c4 d5 4. cxd5 exd5 5. Nc3 c6 6. Bg5 Be7 7. e3 h6 8. Bxf6 Bxf6 9. b4 O-O 10. Bd3 Nd7 11. Rb1 Be7 12. O-O Nf6 13. h3 Re8 14. Qc2 Bd6 15. Rfc1 b5 16. a4 a6 17. a5 Qe7 18. Na2 Bb7 19. Nd2 Ne4 20. Bxe4 dxe4 21. Nf1 Qh4 22. Nc3 Re6 23. Ne2 Rae8 24. Neg3 Bxg3 25. fxg3 Qe7 26. Qc5 Qxc5 27. Rxc5 Rd8 28. g4 Rd5 29. Rbc1 Red6 30. Ng3 g6 31. Ne2 Rxc5 32. Rxc5 g5 33. Ng3 f6 34. Kf2 Re6 35. Nf5 Kh7 36. d5 cxd5 37. Rc7+ Kg8 38. Rxb7 Rc6 39. Ne7+ 1-0

[Event "Mezinarodni sachovy festival PLZEN 2023 – CALLIDITAS OPEN"]
[Site "Plzen (Ceska republika)"]
[Date "2023.08.25"]
[Round "8.12"]
[White "Zoufaly, Petr"]
[Black "Kalista, Karel"]
[Result "1/2-1/2"]
[WhiteElo "1603"]
[BlackElo "1657"]
[PlyCount "61"]
[EventDate "2023.08.19"]

1. d4 Nf6 2. c4 e6 3. Nc3 d5 4. e3 Be7 5. Nf3 O-O 6. Qc2 b6 7. cxd5 exd5 8. Bd3 Bb7 9. Bd2 Nc6 10. a3 Na5 11. b3 c5 12. dxc5 bxc5 13. Be2 Nc6 14. O-O Rc8 15. Rad1 Rc7 16. Bb5 a6 17. Be2 Rd7 18. Na4 d4 19. exd4 cxd4 20. Bd3 Bxa3 21. Bg5 Nb4 22. Qb1 Nxd3 23. Qxd3 Bxf3 24. Qxf3 Be7 25. Rd3 Ne8 26. Bxe7 Qxe7 27. h3 Nf6 28. Rfd1 Rfd8 29. Nb6 Rb7 30. Nc4 h6 31. Na5 1/2-1/2

[Event "Mezinarodni sachovy festival PLZEN 2023 – CALLIDITAS OPEN"]
[Site "Plzen (Ceska republika)"]
[Date "2023.08.25"]
[Round "8.13"]
[White "Zemen, Jiri"]
[Black "Chudek, Lubomir"]
[Result "0-1"]
[WhiteElo "1851"]
[BlackElo "1748"]
[PlyCount "65"]
[EventDate "2023.08.19"]

1. e4 c5 2. Nf3 Nc6 3. d4 cxd4 4. Nxd4 g6 5. Nc3 Bg7 6. Be3 Nf6 7. Be2 O-O 8. Qd2 d5 9. Nxc6 bxc6 10. e5 Ng4 11. Bxg4 Bxg4 12. h3 Be6 13. f4 f6 14. exf6 Bxf6 15. O-O-O Qa5 16. Bd4 Rab8 17. Bxf6 Rxf6 18. Qd4 Rb4 19. Qe5 Rbxf4 20. g4 h6 21. Rhg1 Qb6 22. Rde1 Qd8 23. g5 hxg5 24. Qxg5 Kf7 25. Rg3 Qf8 26. Qe5 Qh6 27. Kb1 Rf1 28. Rg1 Qxh3 29. Rgxf1 Rxf1 30. a3 d4 31. Na4 d3 32. cxd3 Qxd3+ 33. Ka1 0-1

[Event "Mezinarodni sachovy festival PLZEN 2023 – CALLIDITAS OPEN"]
[Site "Plzen (Ceska republika)"]
[Date "2023.08.25"]
[Round "8.15"]
[White "Krivka, Lukas"]
[Black "Soutner, Jaroslav"]
[Result "0-1"]
[WhiteElo "1380"]
[BlackElo "1695"]
[PlyCount "66"]
[EventDate "2023.08.19"]

1. e4 e5 2. Nf3 Nc6 3. d4 exd4 4. Nxd4 Nf6 5. Nc3 Bb4 6. Nxc6 bxc6 7. Bd3 O-O 8. O-O d5 9. exd5 cxd5 10. h3 c6 11. Bg5 h6 12. Bh4 Be6 13. Qf3 Rb8 14. Bxf6 Qxf6 15. Qxf6 gxf6 16. Ne2 Bd6 17. b3 c5 18. Nc3 Be5 19. Nxd5 Bxd5 20. Rab1 Bd4 21. c4 Bc6 22. a3 Rfe8 23. b4 cxb4 24. axb4 Be4 25. Rfd1 Bc3 26. b5 Ba5 27. Bxe4 Rxe4 28. c5 Rb4 29. Rxb4 Bxb4 30. c6 Ba5 31. Rc1 Bc7 32. Ra1 Rxb5 33. Rxa7 Rb1# 0-1

[Event "Mezinarodni sachovy festival PLZEN 2023 – CALLIDITAS OPEN"]
[Site "Plzen (Ceska republika)"]
[Date "2023.08.25"]
[Round "8.16"]
[White "Krisman, Ondrej"]
[Black "Konig, Vlastislav"]
[Result "1-0"]
[WhiteElo "1603"]
[BlackElo "1514"]
[PlyCount "73"]
[EventDate "2023.08.19"]

1. e4 e5 2. Nf3 Nc6 3. Bb5 Bc5 4. O-O Nd4 5. Nxd4 Bxd4 6. c3 Bb6 7. d4 c6 8. Ba4 d6 9. Be3 Ne7 10. Nd2 O-O 11. Nc4 Bc7 12. Bb3 b5 13. Nd2 d5 14. dxe5 dxe4 15. e6 fxe6 16. Qg4 Nd5 17. Bg5 Qd6 18. Qh4 Nf4 19. Nxe4 Qe5 20. Rfe1 Qf5 21. Bc2 Qf7 22. Nf6+ gxf6 23. Bxf4 Bxf4 24. Qxf4 Kh8 25. Re3 Rg8 26. Rh3 Rg7 27. Rh6 f5 28. Qe5 Bb7 29. Rxe6 c5 30. g3 Be4 31. Bxe4 fxe4 32. Qxe4 Rd8 33. Re1 Rf8 34. Re2 h5 35. Rh6+ Kg8 36. Qe5 Qf5 37. Rxh5 1-0

[Event "Mezinarodni sachovy festival PLZEN 2023 – CALLIDITAS OPEN"]
[Site "Plzen (Ceska republika)"]
[Date "2023.08.25"]
[Round "8.18"]
[White "Tykalova, Barbora"]
[Black "Souralova, Venuse"]
[Result "1/2-1/2"]
[WhiteElo "1154"]
[BlackElo "1405"]
[PlyCount "39"]
[EventDate "2023.08.19"]

1. e4 c5 2. Nf3 d6 3. d4 cxd4 4. Qxd4 Nc6 5. Bb5 Bd7 6. Bxc6 Bxc6 7. Nc3 Nf6 8. Bg5 g6 9. Bxf6 exf6 10. O-O-O Bh6+ 11. Kb1 Bf4 12. h4 Be5 13. Nxe5 dxe5 14. Qxd8+ Rxd8 15. Rxd8+ Kxd8 16. h5 Kd7 17. hxg6 fxg6 18. b3 Ke6 19. Kb2 f5 20. f3 1/2-1/2

[Event "Mezinarodni sachovy festival PLZEN 2023 – CALLIDITAS OPEN"]
[Site "Plzen (Ceska republika)"]
[Date "2023.08.25"]
[Round "8.19"]
[White "Koutecka, Magdalena"]
[Black "Zelenka, Tomas"]
[Result "0-1"]
[WhiteElo "1125"]
[BlackElo "1280"]
[PlyCount "74"]
[EventDate "2023.08.19"]

1. d4 d5 2. e4 dxe4 3. Nc3 Nf6 4. Bg5 Nc6 5. Bb5 a6 6. Bxc6+ bxc6 7. f3 e3 8. Bxe3 h6 9. Nge2 Bf5 10. Ng3 Bg6 11. O-O e6 12. a3 Bd6 13. Nge4 Nxe4 14. fxe4 Qh4 15. e5 Be7 16. Qf3 O-O 17. Qxc6 Bxc2 18. Qf3 Bg6 19. Rac1 Rab8 20. Na4 Rfc8 21. Rf2 f6 22. Nc5 Bxc5 23. Rxc5 Bh5 24. Qc6 Bf7 25. exf6 Rxb2 26. Rc1 Rxf2 27. Bxf2 Qxf6 28. Qd7 Qd8 29. Qxd8+ Rxd8 30. Rxc7 e5 31. h3 exd4 32. Rc2 d3 33. Rd2 Bg6 34. Be1 Rf8 35. Rb2 Be8 36. Rb3 Bb5 37. Rb4 Rf1+ 0-1

[Event "Mezinarodni sachovy festival PLZEN 2023 – CALLIDITAS OPEN"]
[Site "Plzen (Ceska republika)"]
[Date "2023.08.25"]
[Round "8.20"]
[White "Fakan, Petr"]
[Black "Dolezal, Eduard"]
[Result "0-1"]
[WhiteElo "1240"]
[BlackElo "1151"]
[PlyCount "44"]
[EventDate "2023.08.19"]

1. d4 Nf6 2. Nc3 g6 3. Bg5 Bg7 4. e3 O-O 5. Bd3 d6 6. Nge2 Be6 7. O-O Nbd7 8. e4 c6 9. Ng3 h6 10. Be3 Qc7 11. f4 Bg4 12. Qd2 e5 13. fxe5 dxe5 14. d5 cxd5 15. exd5 Nc5 16. Bxh6 Nxd3 17. Bxg7 Qc5+ 18. Kh1 Kxg7 19. cxd3 Rad8 20. Rxf6 Qd4 21. Nce4 Rh8 22. Raf1 Rxh2+ 0-1

[Event "Mezinarodni sachovy festival PLZEN 2023 – CALLIDITAS OPEN"]
[Site "Plzen (Ceska republika)"]
[Date "2023.08.25"]
[Round "8.21"]
[White "Tirb, Alexej"]
[Black "Stepanek, Vit"]
[Result "0-1"]
[WhiteElo "1213"]
[BlackElo "1564"]
[PlyCount "92"]
[EventDate "2023.08.19"]

{[%evp 0,92,21,0,65,59,57,44,63,61,37,41,27,22,18,-5,10,8,38,12,12,10,36,26,16,0,8,0,0,0,18,-37,-56,-56,-54,-59,-69,-75,-62,-79,-59,-91,-85,-89,-89,-108,-90,-167,-99,-123,-115,-136,-97,-155,-159,-159,-124,-273,-283,-335,-274,-412,-345,-393,-376,-374,-374,-370,-358,-373,-354,-355,-362,-423,-379,-397,-387,-411,-411,-411,-375,-393,-396,-407,-413,-512,-539,-798,-717,-1411,-1501,-1529,-1605,-1713,-1486]} 1. e4 c6 2. d4 d5 3. exd5 cxd5 4. Nc3 Nf6 5. Nf3 Bg4 6. Bb5+ Nc6 7. Bxc6+ bxc6 8. h3 Bf5 9. O-O e6 10. Bf4 Qb6 11. Rb1 Be7 12. Re1 h6 13. a3 O-O 14. Qd2 c5 15. Re2 cxd4 16. Nxd4 Bg6 17. Nf3 Rac8 18. Be3 Qb7 19. Qd4 Bc5 20. Qd2 Bd6 21. Bd4 Ne4 22. Nxe4 Bxe4 23. Qd1 Qa6 24. Rd2 Rc7 25. Ra1 Bxf3 26. Qxf3 e5 27. Bc3 d4 28. Bxd4 exd4 29. Rxd4 Rxc2 30. Rb1 Be5 31. Re4 Rxb2 32. Rxb2 Bxb2 33. a4 Qb7 34. Re3 Qxf3 35. Rxf3 Rd8 36. Rb3 Be5 37. g3 Rd4 38. a5 Rd1+ 39. Kg2 Ra1 40. Rb5 Bc3 41. h4 Rxa5 42. Rxa5 Bxa5 43. f4 f5 44. Kh3 Bc3 45. Kg2 a5 46. Kf2 a4 0-1

[Event "Mezinarodni sachovy festival PLZEN 2023 – CALLIDITAS OPEN"]
[Site "Plzen (Ceska republika)"]
[Date "2023.08.25"]
[Round "8.23"]
[White "Roubal, Frantisek"]
[Black "Hajek, Jindrich"]
[Result "0-1"]
[WhiteElo "1293"]
[BlackElo "1517"]
[PlyCount "104"]
[EventDate "2023.08.19"]

1. d4 d5 2. Bf4 e6 3. c3 Bd6 4. Bxd6 Qxd6 5. Nf3 Nc6 6. e3 Nge7 7. Bb5 Bd7 8. Bxc6 Nxc6 9. Nbd2 f6 10. Qc2 Na5 11. e4 Qa6 12. b4 Nc4 13. O-O Na3 14. Qb2 O-O-O 15. exd5 exd5 16. Rfe1 Rde8 17. Rxe8+ Rxe8 18. Re1 Rxe1+ 19. Nxe1 Qe2 20. Qc1 Nc4 21. Nxc4 Qxc4 22. Qc2 g6 23. Nf3 Bf5 24. Qd2 b5 25. Nh4 Bb1 26. Qe3 g5 27. Qe6+ Kb7 28. Nf5 Bxf5 29. Qxf5 Qxa2 30. g3 Qa1+ 31. Kg2 Qxc3 32. Qxf6 Qxb4 33. f4 gxf4 34. gxf4 Qd6 35. Qe5 Qxe5 36. dxe5 b4 37. f5 b3 38. f6 b2 39. f7 b1=Q 40. f8=Q Qb2+ 41. Kh3 Qxe5 42. Qb4+ Kc8 43. Qf8+ Kd7 44. Qf7+ Kc6 45. Qxh7 Qe3+ 46. Kg4 Qe4+ 47. Qxe4 dxe4 48. h4 Kd5 49. h5 e3 50. h6 e2 51. h7 e1=Q 52. h8=Q Qe4+ 0-1